Forjadores de Norteamérica / (Record no. 64656)

MARC details
000 -LEADER
campo de control de longitud fija 00621nam a2200193 i 4500
001 - NÚMERO DE CONTROL
campo de control 64656
003 - IDENTIFICADOR DE NÚMERO DE CONTROL
campo de control ES-MaACL
005 - FECHA Y HORA DE LA ÚLTIMA TRANSACCIÓN
campo de control 20260306132314.0
007 - CAMPO FIJO DE DESCRIPCIÓN FÍSICA--INFORMACIÓN GENERAL
campo de control de longitud fija t|
008 - DATOS DE LONGITUD FIJA--INFORMACIÓN GENERAL
campo de control de longitud fija 031230s1962 ag ||||1| spa d
245 00 - MENCIÓN DEL TÍTULO
Título Forjadores de Norteamérica /
Mención de responsabilidad, etc. [traducción por Enrique Alt, Josefina Martínez Alinari, Delia A. García Daireaux].
260 ## - PUBLICACIÓN, DISTRIBUCIÓN, ETC.
Lugar de publicación, distribución, etc. Buenos Aires :
Nombre del editor, distribuidor, etc. Omega,
Fecha de publicación, distribución, etc. [1962]
300 ## - DESCRIPCIÓN FÍSICA
Extensión 3 v. ;
Dimensiones 23 cm.
700 1# - ENTRADA AGREGADA--NOMBRE PERSONAL
Nombre de persona Alt, Enrique.
9 (RLIN) 20501
700 0# - ENTRADA AGREGADA--NOMBRE PERSONAL
Nombre de persona Martínez Alinari, Josefina
9 (RLIN) 77838
700 1# - ENTRADA AGREGADA--NOMBRE PERSONAL
Nombre de persona García Daireaux, Delia A.
9 (RLIN) 54398
852 ## - LOCALIZACIÓN
Ubicación ES-MaACL
Número de control de estantería C-24603-5
Sublocalización o colección R.53530
Holdings
Estatus retirado Estado de pérdida Estado de daño No para préstamo Biblioteca de origen Biblioteca actual Ubicación en estantería Fecha de adquisición Fuente de adquisición Total de préstamos Signatura topográfica completa Código de barras Visto por última vez Precio de reemplazo Tipo de ítem Koha
        Biblioteca del Ateneo de Madrid Biblioteca del Ateneo de Madrid Depósito 2 17/01/2008     C-24603-5 1067749 23/02/2023 23/02/2023 Libro impreso